| 000 | 00844nam a2200253 i 4500 | ||
|---|---|---|---|
| 001 | 105946 | ||
| 003 | ES-MaACL | ||
| 005 | 20240410063032.0 | ||
| 007 | t| | ||
| 008 | 060913s1969 fr ||||1| fre d | ||
| 080 | _a821.133.1-14"18" | ||
| 100 | 1 |
_aRimbaud, Arthur, _d1854-1891 _997237 |
|
| 245 | 1 | 4 |
_aUne saison en enfer ; Les Illuminations / _cRimbaud ; avec un avant-propos de Jean-Paul Belmondo et un préface d'Yves Berger. |
| 260 |
_aParis : _bLibrairie Saint-Germain-des-Prés, _c[1969] |
||
| 300 |
_a127 p. ; _c18 cm. |
||
| 490 | 1 |
_aPoésie ; _v1 |
|
| 500 | _aBiblioteca Juan Andrade. | ||
| 700 | 1 |
_aBelmondo, Jean-Paul. _927297 |
|
| 700 | 1 |
_aBerger, Yves. _927972 |
|
| 740 | 4 | _aLes illuminations. | |
| 830 | 0 |
_aPoésie ; _v1 _9185130 |
|
| 852 |
_aES-MaACL _jAND-875 _bR.110163 |
||
| 999 |
_c105946 _d105946 |
||